Chansons d'Alain Souchon - Statistiques

Statistiques générales
  • Ce quiz a été pris 38 fois
  • Le résultat moyen est 33 sur 162
Statistiques - réponses
Disque Chanson % Correct
J'ai dix ans 6 J'ai dix ans
96%
À cause d'elles 13 J'ai dix ans
96%
C'est déjà ça 1 Foule sentimentale
92%
Jamais Content 1 Jamais Content
80%
Jamais Content 6 Allô maman bobo
76%
Bidon 6 Bidon
76%
C'est déjà ça 11 C'est déjà ça
76%
C'est déjà ça 2 L'Amour à la machine
76%
On avance 1 On avance
76%
Rame 6 Rame
76%
Ultra moderne solitude 1 Ultra moderne solitude
76%
C'est comme vous voulez 6 La Ballade de Jim
72%
La Vie Théodore 4 La Vie Théodore
68%
Au ras des pâquerettes 2 Le Baiser
64%
Au ras des pâquerettes 6 Au ras des pâquerettes
60%
C'est comme vous voulez 1 C'est comme vous voulez
60%
Écoutez d'où ma peine vient 3 Écoutez d'où ma peine vient
56%
C'est déjà ça 3 Sous les jupes des filles
52%
La Vie Théodore 6 À cause d'elle
48%
Âme fifties 1 Âme fifties
48%
Ultra moderne solitude 3 Quand j'serai K.O.
48%
Alain Souchon & Laurent Voulzy 1 Derrière les mots
40%
C'est comme vous voulez 9 J'veux du cuir
40%
Toto 30 ans, rien que du malheur... 8 Toto 30 ans
40%
Jamais Content 5 Y'a d'la rumba dans l'air
40%
Ultra moderne solitude 8 La Beauté d'Ava Gardner
36%
C'est déjà ça 4 Les Regrets
36%
Toto 30 ans, rien que du malheur... 6 Papa mambo
36%
Jamais Content 3 Poulaillers' Song
36%
Au ras des pâquerettes 4 Rive gauche
36%
La Vie Théodore 7 Et si en plus y'a personne
32%
Âme fifties 2 Presque
32%
C'est déjà ça 6 Arlette Laguiller
28%
Toto 30 ans, rien que du malheur... 11 Bagad (reprise)
28%
C'est déjà ça 7 Chanter c'est lancer des balles
28%
Alain Souchon & Laurent Voulzy 12 La Baie des fourmis
28%
Toto 30 ans, rien que du malheur... 1 Le Bagad de Lann-Bihoué
28%
Alain Souchon & Laurent Voulzy 2 Oiseau malin
28%
Écoutez d'où ma peine vient 7 Parachute doré
28%
Ultra moderne solitude 6 Dandy
24%
Toto 30 ans, rien que du malheur... 4 L'Amour en fuite
24%
C'est déjà ça 5 Les Filles électriques
24%
C'est déjà ça 10 Le Zèbre
24%
La Vie Théodore 1 Putain ça penche
24%
Bidon 5 S'asseoir par terre
24%
Au ras des pâquerettes 3 Tailler la zone
24%
La Vie Théodore 3 Bonjour tristesse
20%
Écoutez d'où ma peine vient 10 Bonjour tristesse
20%
Au ras des pâquerettes 10 Caterpillar
20%
Au ras des pâquerettes 7 C'était menti
20%
Âme fifties 4 Debussy Gabriel Fauré
20%
Âme fifties 3 Ici et là
20%
J'ai dix ans 8 L'Amour 1830
20%
Toto 30 ans, rien que du malheur... 3 Le Dégoût
20%
Ultra moderne solitude 2 Les Cadors
20%
La Vie Théodore 11 Lisa
20%
Au ras des pâquerettes 1 Pardon
20%
Au ras des pâquerettes 9 Une guitare un citoyen
20%
Alain Souchon & Laurent Voulzy 9 Bad Boys
16%
Alain Souchon & Laurent Voulzy 5 Consuelo
16%
La Vie Théodore 5 En collant l'oreille sur l'appareil
16%
Âme fifties 7 Irène
16%
Ultra moderne solitude 7 J'attends quelqu'un
16%
La Vie Théodore 9 Le Marin
16%
La Vie Théodore 10 L'île du dédain
16%
Âme fifties 10 Ouvert la nuit
16%
Rame 4 Petit
16%
Au ras des pâquerettes 8 Petit Tas tombé
16%
Écoutez d'où ma peine vient 1 Rêveur
16%
Âme fifties 5 Un terrain en pente
16%
Jamais Content 8 18 ans que je t'ai à l'œil
12%
Écoutez d'où ma peine vient 4 Elle danse
12%
Alain Souchon & Laurent Voulzy 6 En Île-de-France
12%
Alain Souchon & Laurent Voulzy 8 Ils étaient deux garçons (trois)
12%
Jamais Content 2 J'ai perdu tout ce que j'aimais
12%
Toto 30 ans, rien que du malheur... 10 J'étais pas là
12%
C'est déjà ça 9 Le Fil
12%
À cause d'elles 1 Le Jour et la Nuit
12%
On avance 8 Lettre aux dames
12%
Ultra moderne solitude 9 Normandie Lusitania
12%
Alain Souchon & Laurent Voulzy 10 On était beau
12%
Rame 1 On s'aime pas
12%
Écoutez d'où ma peine vient 11 Popopo
12%
C'est déjà ça 8 Sans queue ni tête
12%
On avance 7 Saute en l'air
12%
Alain Souchon & Laurent Voulzy 11 Souffrir de se souvenir
12%
Écoutez d'où ma peine vient 6 8 m2
8%
Rame 8 Aurore
8%
On avance 3 Billy m'aime
8%
Bidon 3 Câlin-câline
8%
On avance 2 Casablanca
8%
Toto 30 ans, rien que du malheur... 7 Cosy corner
8%
Toto 30 ans, rien que du malheur... 2 Frenchy bébé blues
8%
Alain Souchon & Laurent Voulzy 3 Idylle anglo-normande
8%
Alain Souchon & Laurent Voulzy 4 Il roule
8%
À cause d'elles 2 J'ai lié ma botte (Le Bois joli)
8%
Rame 2 Jonasz
8%
Ultra moderne solitude 4 La Chanson parfaite
8%
Écoutez d'où ma peine vient 5 La Compagnie
8%
Jamais Content 7 L'Autorail
8%
C'est comme vous voulez 4 La vie intime est maritime
8%
J'ai dix ans 7 Le Château
8%
Bidon 8 Le Galant niais
8%
Bidon 2 Le Gros Pétard
8%
Bidon 1 Le monde change de peau
8%
La Vie Théodore 8 Le Mystère
8%
On avance 6 Lennon kaput valse
8%
Jamais Content 10 Le P'tit Chanteur
8%
C'est comme vous voulez 3 Les Jours sans moi
8%
On avance 5 Les Papas des bébés
8%
Écoutez d'où ma peine vient 2 Les Saisons
8%
Au ras des pâquerettes 5 L'Horrible bye-bye
8%
J'ai dix ans 10 Londres sur Tamise
8%
Rame 9 Manivelle
8%
Rame 3 Marchand de sirop
8%
Écoutez d'où ma peine vient 9 Oh la guitare
8%
On avance 10 On est si beau
8%
Ultra moderne solitude 10 On se cache des choses
8%
Âme fifties 8 On s'ramène les cheveux
8%
Bidon 10 Petit Pois
8%
Bidon 11 Petit Pois (reprise)
8%
C'est comme vous voulez 5 Portbail
8%
C'est comme vous voulez 8 Pourquoi tu t'prépares ?
8%
Bidon 4 Qui dit qui rit
8%
Âme fifties 6 Ronsard Alabama
8%
On avance 9 Sardine
8%
Écoutez d'où ma peine vient 8 Sidi Ferouch
8%
J'ai dix ans 11 T'aurais dû venir
8%
C'est comme vous voulez 10 Vous êtes lents
8%
Ultra moderne solitude 5 Comédie
4%
Rame 10 Courrier
4%
C'est comme vous voulez 2 Faust
4%
La Vie Théodore 2 J'aimais mieux quand c'était toi
4%
Bidon 9 J'appelle
4%
Jamais Content 4 La p'tite Bill elle est malade
4%
À cause d'elles 10 Le Petit Grégoire
4%
J'ai dix ans 9 Les Oiseaux
4%
À cause d'elles 4 L'Hirondelle
4%
On avance 4 Lily Peter
4%
Jamais Content 9 Loulou doux
4%
Toto 30 ans, rien que du malheur... 9 Lulu
4%
Toto 30 ans, rien que du malheur... 5 Nouveau
4%
Âme fifties 9 On s'aimait
4%
Rame 7 On s'ennuie
4%
Alain Souchon & Laurent Voulzy 7 Oui mais
4%
J'ai dix ans 4 Partir
4%
J'ai dix ans 1 Petite Annonce
4%
À cause d'elles 5 Simone
4%
Rame 5 Tout me fait peur
4%
J'ai dix ans 5 C'était un soir
0%
À cause d'elles 9 En sortant de l'école
0%
À cause d'elles 8 Je plains le temps de ma jeunesse
0%
J'ai dix ans 3 La Fille du brouillard
0%
À cause d'elles 3 La Mort de l'ours
0%
À cause d'elles 12 L'Écu
0%
À cause d'elles 7 Les Crapauds
0%
À cause d'elles 11 Les Enfants sages
0%
J'ai dix ans 2 Les Paquebots
0%
À cause d'elles 14 Marianne
0%
À cause d'elles 6 Memphis Tennessee
0%
C'est comme vous voulez 7 Pays industriels
0%
Bidon 7 Tout doux
0%
Aucun quiz correspondant
Distribution des résultats
% des personnes avec chaque résultat
Percentile par nombre de réponses
Votre historique - résultats
Vous n’avez pas pris ce quiz